Welcome to the Holygrace Academy Library

Please use search bar below to get started

WASON'S PROBLEMS AND SOLUTIONS IN ACCOUNTANCY (Record no. 616)

MARC details
000 -LEADER
fixed length control field 00319nam a22001217a 4500
020 ## - INTERNATIONAL STANDARD BOOK NUMBER
ISBN 81-219-2961-X
082 ## - DEWEY DECIMAL CLASSIFICATION NUMBER
Classification number 657
Item number WAS/P
100 ## - MAIN ENTRY--AUTHOR NAME
Personal name V.WASON
245 ## - TITLE STATEMENT
Title WASON'S PROBLEMS AND SOLUTIONS IN ACCOUNTANCY
Remainder of title FOR CLASS XII
260 ## - PUBLICATION, DISTRIBUTION, ETC. (IMPRINT)
Place of publication DELHI
Name of publisher S.CHAND & CO
Year of publication 2008
650 ## - SUBJECT ADDED ENTRY--TOPICAL TERM
Topical Term ACCOUNTANCY FOR CLASS XII
Geographic subdivision INDIA
942 ## - ADDED ENTRY ELEMENTS (KOHA)
Koha item type Books
Holdings
Withdrawn status Lost status Collection code Home library Current library Shelving location Date acquired Source of acquisition Cost, normal purchase price Full call number Accession Number Koha item type
    Reference Main Library Main Library SHELF 10 C PLUS 2 ACCOUNTANCY 12/11/2010 purchase 315.00 657 WAS/P 05737 Books